000 00486nam a2200145 i 4500
001 142084
003 ES-MaACL
007 t|
008 071002s1920 xxk ||||1| eng d
100 1 _aWilliamson, Benjamin.
_9116967
245 1 3 _aAn elementary treatise on the differential calculus, containing the theory of plane curves /
_cby Benjamin Williamson.
260 _aLondon :
_bLongmans, Green and Co.,
_c1920.
300 _aXVI, 472 p. :
_bil. ;
_c19 cm.
852 _aES-MaACL
_jB-4165
999 _c142084
_d142084